Tài liệu dạy học mĩ thuật dành cho giáo viên tiểu học

Đã lưu trong:
书目详细资料
企业作者: Bộ Giáo dục và Đào tạo Dự án hỗ trợ giáo dục mĩ thuật tiểu học
格式: 图书
出版: 106 tr. 27 cm
主题:
标签: 添加标签
没有标签, 成为第一个标记此记录!
Thư viện lưu trữ: Trung tâm Học liệu Lê Vũ Hùng, Trường Đại học Đồng Tháp
LEADER 00801pam a22002298a 4500
001 00038485
005 20171026081025.0
008 170516s27 c ||||||Viesd
041 0 # |a Vie 
082 1 4 |a 707  |b T103L 
110 1 # |a Bộ Giáo dục và Đào tạo  |b Dự án hỗ trợ giáo dục mĩ thuật tiểu học 
245 1 0 |a Tài liệu dạy học mĩ thuật dành cho giáo viên tiểu học 
260 # # |a 106 tr.  |c 27 cm 
653 # # |a dạy học 
653 # # |a giáo viên tiểu học 
653 # # |a mĩ thuật 
852 # # |b Kho mượn  |j KM.0022902 
852 # # |b Kho đọc  |j KD.0022094 
852 # # |j KD.0022094  |j KM.0022902 
910 |d 16/05/2017 
980 # # |a Trung tâm Học liệu Lê Vũ Hùng, Trường Đại học Đồng Tháp